000 01833nam a2200241Ia 4500
008 260220t2002||||xx |||||||||||||| ||spa||
040 _aPY-SlUNAC
_bspa
_erda
041 _aspa
082 _a639.3
_bC889m
100 _aCruz, Raul
_eAutor
245 0 _aManual de métodos de muestreo para la evaluación de las poblaciones de langosta espinosa /
_cpor Raul Cruz [Autor]
264 _aLa Habana :
_bNaciones Unidas,
_c℗2002.
300 _a1 volumen
520 _aEl "Manual de métodos de muestreo para la evaluación de las poblaciones de langosta espinosa", escrito por Raúl Cruz y publicado por Naciones Unidas en 2002, presenta una guía exhaustiva sobre las técnicas de muestreo aplicables en la evaluación de las poblaciones de langosta espinosa, un recurso marino de gran importancia económica. El manual aborda la necesidad de métodos precisos y eficientes para medir la abundancia y distribución de estas poblaciones, considerando factores ecológicos y de manejo pesquero. A través de una serie de metodologías estandarizadas, se ofrecen directrices sobre el diseño de muestreos, la recolección de datos y el análisis estadístico, enfatizando la importancia de la sostenibilidad y la conservación del recurso. Además, se discuten los desafíos asociados a la variabilidad ambiental y a la dinámica de las poblaciones, proporcionando un marco teórico y práctico para investigadores y gestores. Este documento es fundamental para mejorar las prácticas de captura y asegurar la viabilidad a largo plazo de la langosta espinosa en los ecosistemas marinos.
653 _aEvaluación
653 _aLangostas
653 _aMuestreo
942 _b2026/02/17
_cBK
999 _c8725
_d8725